000 00663nam a2200217 4500
003 OSt
005 20240702012220.0
006 a
008 240702b |||||||| |||| 00| 0 eng d
020 _a9780470080146
040 _aDWCL-Main lib.
_cOC
082 _2Third edition
_aCirc. 332.6 M266 2007
110 _aJohn L. Maginn
245 _aManaging investment portfolios : a dynamic process /
250 _aThird edition
260 _aNew Jersey :
_bJohn Wiley & Sons,
_cc2007.
300 _axxv,
_b932 p. : ill. ;
_c26 cm.
504 _aIncludes appendix and index.
650 _a1. Portfolio management.
942 _2ddc
_n0
_cBK-CIRC
_eThird edition
_kCirc.
999 _c1750
_d1750